Rehabilitación de la estructura de pavimento flexible tramo, empalme San Francisco-San Ramón departamento de Matagalpa est 0+000 a est 4+550
Presenta una rehabilitación de la estructura de pavimento flexible tramo, empalme San Francisco-San Ramón departamento de Matagalpa est 0+000 a est 4+550, Este tramo se clasifica como colectora secundaria , en zona de influencia se encuentra las siguientes comunidades: El Ocote, La Garita, Las M...
| Main Author: | |
|---|---|
| Other Authors: | |
| Format: | Tesis Section = Libro |
| Language: | Undetermined Spanish |
| Published: |
Managua
UNI
2014
|
| Subjects: |
| LEADER | 01342nam a2200241Ia 4500 | ||
|---|---|---|---|
| 008 | 240830s9999 xx 000 0 und d | ||
| 040 | |a BIBLIOTECA-RUPAP T.Mon 625.85 C692 | ||
| 041 | |a spa | ||
| 082 | |a T.Mon 625.85 C692 | ||
| 100 | 1 | |a Coleman Beer, Steve Bernard | |
| 245 | 1 | 0 | |a Rehabilitación de la estructura de pavimento flexible tramo, empalme San Francisco-San Ramón departamento de Matagalpa est 0+000 a est 4+550 |
| 260 | |a Managua |b UNI |c 2014 | ||
| 300 | |a 79 p. :il. | ||
| 500 | |a Contiene: anexos. | ||
| 502 | |a Tesis (Ingeniero Civil)- UNI, 2014. | ||
| 520 | 3 | |a Presenta una rehabilitación de la estructura de pavimento flexible tramo, empalme San Francisco-San Ramón departamento de Matagalpa est 0+000 a est 4+550, Este tramo se clasifica como colectora secundaria , en zona de influencia se encuentra las siguientes comunidades: El Ocote, La Garita, Las Mercedes, Mont Pelliet, San Ramón, el Plomo. La topografía del tramo es clasificada entre ondula y montañosa, este tramo tiene superficie de rodamiento conformada por una capa de material granular la cual sirve de rodamiento asfaltico. | |
| 650 | 7 | |a PAVIMENTOS | |
| 650 | 7 | |b PAVIMENTOS FLEXIBLES | |
| 650 | 7 | |c CARRETERAS-MANTENIMIENTO Y REPARACION | |
| 700 | 1 | |a Tutor: |b Bustamante Arteaga, José Fernando | |
| 942 | |c BK |2 ddc | ||
| 991 | |a TESIS | ||
| 999 | |c 18303 | ||